Programming for the internet of things : (Record no. 165745)

MARC details
000 -LEADER
fixed length control field 00630nam a2200193 4500
005 - DATE AND TIME OF LATEST TRANSACTION
control field 20190628155954.0
010 ## - LCCN (DPL NO)
LC control number ENG-125812
020 ## - INTERNATIONAL STANDARD BOOK NUMBER
International Standard Book Number 9789387472556
Terms of availability 795.00
035 ## - SYSTEM CONTROL NUMBER
System control number EN-109344
037 ## - SOURCE OF ACQUISITION
Source of stock number/acquisition DBAD/PUB
082 ## - DEWEY DECIMAL CLASSIFICATION NUMBER
Classification number 005.432
100 ## - MAIN ENTRY--PERSONAL NAME
Personal name Borycky, Dawid
245 ## - TITLE STATEMENT
Title Programming for the internet of things :
Statement of responsibility, etc by Dawid Borycky
Remainder of title using windows 10 lot core and azure lot suite /
260 ## - PUBLICATION, DISTRIBUTION, ETC. (IMPRINT)
Place of publication, distribution, etc Delhi
Name of publisher, distributor, etc PHI learning
Date of publication, distribution, etc 2019
270 ## - ADDRESS
Address Rimjhim House, 111 Patparganj Industrial Estate
City Delhi
Postal code 110092
300 ## - PHYSICAL DESCRIPTION
Extent xiv,610p.
Dimensions 24cm(pbk)
500 ## - GENERAL NOTE
General note Includes index
942 ## - ADDED ENTRY ELEMENTS (KOHA)
Source of classification or shelving scheme Dewey Decimal Classification
Item type English Books
Classification part 005.432
Call number suffix BOR
Holdings
Withdrawn status Lost status Not for loan Collection code Home library Current library Date acquired Source of acquisition Cost, normal purchase price Full call number Barcode Copy number Cost, replacement price Koha item type
      Non-fiction Ashok Vihar Ashok Vihar 28/06/2019 DBAD/PUB 795.00 005.432 BOR EN-109344 1 795.00 English Books

© Delhi Public Library
Hit Counter
free hit counter